[Event "Team junior-girls chess final 2016"]
[Site "Sochi"]
[Date "2016.05.01"]
[Round "1.1"]
[White "Goltseva, Ekaterina"]
[Black "Podgornova, Anna"]
[Result "1-0"]
[WhiteElo "2137"]
[BlackElo "1744"]
[PlyCount "41"]
[EventDate "2016.05.01"]

1. d4 d5 2. Nf3 Nf6 3. c4 e6 4. e3 c6 5. Nc3 Nbd7 6. Qc2 dxc4 7. Bxc4 b5 8. Be2
a6 9. O-O c5 10. a4 b4 11. Ne4 cxd4 12. Nxd4 Bb7 13. Nxf6+ Qxf6 14. Qc7 Nc5 15.
Bf3 Qe7 16. Bc6+ Bxc6 17. Qxc6+ Qd7 18. Qxa8+ Qd8 19. Qxd8+ Kxd8 20. Rd1 Kc7
21. a5 1-0

[Event "Team junior-girls chess final 2016"]
[Site "Sochi"]
[Date "2016.05.01"]
[Round "1.1"]
[White "Grunina, Margarita"]
[Black "Filippova, Darya"]
[Result "0-1"]
[WhiteElo "1621"]
[BlackElo "1976"]
[PlyCount "78"]
[EventDate "2016.05.01"]

1. e4 c6 2. d4 d5 3. Nd2 dxe4 4. Nxe4 Nf6 5. Nxf6+ gxf6 6. Nf3 Bg4 7. Be2 Qc7
8. Be3 Nd7 9. Qd2 Rg8 10. Bf4 e5 11. Bg3 Bd6 12. dxe5 Nxe5 13. O-O-O O-O-O 14.
Qc3 Be6 15. Bh4 Bxa2 16. g3 Ng4 17. Rhf1 Bd5 18. Rd3 Rde8 19. Bd1 Kb8 20. h3
Ne5 21. Re3 Nxf3 22. Bxf3 Be5 23. Qa3 Re6 24. Bg4 Re7 25. Rfe1 Rge8 26. Bf5 h5
27. f4 Bxb2+ 28. Kxb2 Qb6+ 29. Ka1 Rxe3 30. Rxe3 Qxe3 31. Qxe3 Rxe3 32. Kb2 Be6
33. Bh7 f5 34. Bf6 Rxg3 35. h4 Kc8 36. Kc1 Kd7 37. Kd2 Ke8 38. Ke2 Kf8 39. c3
Rg7 0-1

[Event "Team junior-girls chess final 2016"]
[Site "Sochi"]
[Date "2016.05.01"]
[Round "1.1"]
[White "Shakhmatova, Kseniya"]
[Black "Surovtseva, Alisa"]
[Result "1-0"]
[WhiteElo "1828"]
[BlackElo "1574"]
[PlyCount "177"]
[EventDate "2016.05.01"]

1. c4 e5 2. g3 Nf6 3. Bg2 Nc6 4. Nc3 Be7 5. Nf3 O-O 6. O-O Bc5 7. e3 Bb4 8. d4
exd4 9. exd4 d5 10. cxd5 Nxd5 11. Nxd5 Qxd5 12. Ne5 Qd6 13. Nxc6 bxc6 14. Bf4
Qd7 15. Qa4 Qe7 16. a3 Bd6 17. Bxd6 Qxd6 18. Qxc6 Qxc6 19. Bxc6 Rb8 20. b4 Bh3
21. Rfe1 Rfd8 22. d5 Kf8 23. Re3 Bd7 24. Rc1 a6 25. Rec3 Bh3 26. Rc5 g6 27. Ba4
Rb7 28. f3 h5 29. Kf2 Bf5 30. Bb3 Rd7 31. Ra5 Rb6 32. Bc2 Bxc2 33. Rxc2 Rbd6
34. Rcc5 Ke8 35. Ke3 Re7+ 36. Kd3 Kd8 37. Rc6 Red7 38. Kc4 Kc8 39. Rcxa6 Kb7
40. Ra7+ Kb8 41. Ra8+ Kb7 42. Re8 c6 43. dxc6+ Rxc6+ 44. Rc5 Ra6 45. Re3 Rad6
46. Rc3 Rd2 47. h4 Rg2 48. f4 Rgd2 49. Kb5 R2d6 50. a4 Rb6+ 51. Kc4 Re7 52. Kb3
Rd6 53. b5 Rd1 54. Kb4 Ra1 55. Rb3 Re4+ 56. Rc4 Rxa4+ 57. Kxa4 Rxc4+ 58. Ka5
Rc1 59. Re3 Ra1+ 60. Kb4 Kb6 61. Rb3 Rc1 62. Rd3 Rb1+ 63. Kc4 Rc1+ 64. Kd4 Kxb5
65. Ke5 Rc7 66. Kf6 Kc4 67. Rd1 Kb5 68. Rb1+ Ka4 69. Re1 Rc3 70. Rg1 Rc7 71. f5
Rc6+ 72. Kxf7 gxf5 73. Rf1 Rc7+ 74. Kg6 Rc3 75. Rg1 Rc5 76. Rf1 Rc3 77. Rxf5
Rxg3+ 78. Kxh5 Kb4 79. Kh6 Kc4 80. h5 Kd4 81. Rg5 Rh3 82. Kg7 Ke4 83. h6 Kf4
84. Rg1 Ra3 85. Rf1+ Kg5 86. h7 Ra7+ 87. Rf7 Ra8 88. h8=Q Rxh8 89. Kxh8 1-0

[Event "Team junior-girls chess final 2016"]
[Site "Sochi"]
[Date "2016.05.01"]
[Round "1.1"]
[White "Samoshkina, Viktoria"]
[Black "Serditykh, Olesya"]
[Result "1-0"]
[WhiteElo "1291"]
[BlackElo "1820"]
[PlyCount "145"]
[EventDate "2016.05.01"]

1. e4 d5 2. exd5 Qxd5 3. Nc3 Qd6 4. d4 Nf6 5. Nf3 c6 6. Ne5 Nbd7 7. Bf4 Nd5 8.
Nxd5 Qxd5 9. Qd2 Nxe5 10. Bxe5 Bf5 11. a3 Qe4+ 12. Kd1 Rd8 13. c4 Bg6 14. f3
Qf5 15. Be2 f6 16. Bc7 Rd7 17. g4 Qe6 18. Bg3 Qf7 19. Rc1 e6 20. Re1 Bc5 21.
Bf2 e5 22. Bf1 O-O 23. Ke2 Bxd4 24. Bxd4 Rxd4 25. Qc3 Rfd8 26. Kf2 Rd2+ 27. Kg3
Qd7 28. Re3 Qd4 29. Qxd4 R8xd4 30. b4 Rc2 31. Rxc2 Bxc2 32. h4 Bg6 33. h5 Bf7
34. Rd3 Rxd3 35. Bxd3 g6 36. h6 g5 37. c5 Be6 38. Kf2 Bf7 39. Bf5 Bg6 40. Bc8
b6 41. Bd7 bxc5 42. bxc5 Kf7 43. Bxc6 f5 44. gxf5 Bxf5 45. Be4 Bc8 46. Bxh7 g4
47. fxg4 Bxg4 48. Be4 Bc8 49. Kg3 Kf6 50. Kh4 Be6 51. h7 Kg7 52. c6 Bc8 53. c7
Kh8 54. Kg3 Kg7 55. Kf2 Kh8 56. Ke3 Kg7 57. Kd2 Be6 58. Kc3 a5 59. Bb7 Kxh7 60.
c8=Q Bxc8 61. Bxc8 Kg6 62. Kd3 Kf6 63. Ke4 Ke7 64. Kxe5 Kd8 65. Bh3 Kc7 66. Kd5
Kb6 67. a4 Kb7 68. Kc5 Ka7 69. Kb5 Kb7 70. Bg2+ Ka7 71. Kxa5 Kb8 72. Kb6 Kc8
73. a5 1-0

[Event "Team junior-girls chess final 2016"]
[Site "Sochi"]
[Date "2016.05.01"]
[Round "1.2"]
[White "Afanasieva, Alexandra"]
[Black "Budnikova, Varvara"]
[Result "1/2-1/2"]
[WhiteElo "1911"]
[BlackElo "1854"]
[PlyCount "93"]
[EventDate "2016.05.01"]

1. e4 c5 2. Nf3 Nc6 3. Bb5 e6 4. O-O Nge7 5. Re1 a6 6. Bf1 Ng6 7. c3 d5 8. exd5
Qxd5 9. d4 cxd4 10. cxd4 Be7 11. Nc3 Qd8 12. d5 Nb4 13. dxe6 Bxe6 14. Nd4 Bd7
15. a3 Nc6 16. Nd5 Nxd4 17. Nxe7 Ne6 18. Nxg6 hxg6 19. Qd6 Qe7 20. Bf4 Qxd6 21.
Bxd6 Rc8 22. Rac1 Rxc1 23. Rxc1 f6 24. Bc4 Kf7 25. Bd5 Rc8 26. Rxc8 Bxc8 27.
Kf1 Ke8 28. Ke1 Nd8 29. Kd2 Be6 30. Be4 Bf5 31. Bf3 Kd7 32. Bb4 g5 33. Ke3 b6
34. Be2 a5 35. Bb5+ Kc7 36. Bc3 Ne6 37. g3 Nc5 38. f3 Bd7 39. Bxd7 Kxd7 40. f4
gxf4+ 41. Kxf4 Ke6 42. g4 Nd3+ 43. Ke4 Nf2+ 44. Kf3 Nd3 45. Ke4 Nf2+ 46. Kf3
Nd3 47. Ke4 1/2-1/2

[Event "Team junior-girls chess final 2016"]
[Site "Sochi"]
[Date "2016.05.01"]
[Round "1.2"]
[White "Gutkovich, Polina"]
[Black "Girshgorn, Maria"]
[Result "1/2-1/2"]
[WhiteElo "1738"]
[BlackElo "1677"]
[PlyCount "152"]
[EventDate "2016.05.01"]

1. e4 c6 2. d4 d5 3. exd5 cxd5 4. Bd3 Nf6 5. Nf3 Bg4 6. Nbd2 e6 7. c3 Nc6 8.
O-O Bd6 9. h3 Bh5 10. Nb3 O-O 11. Bg5 a6 12. a4 Rb8 13. Nbd2 Bxf3 14. Nxf3 h6
15. Be3 Qc7 16. Qd2 Na5 17. Qc2 b5 18. Rfb1 Nc4 19. Nd2 Bh2+ 20. Kh1 Bf4 21.
Bxf4 Qxf4 22. Nb3 Nd7 23. axb5 axb5 24. Ra7 Rfd8 25. Rba1 Ndb6 26. Nc5 Ra8 27.
Rxa8 Rxa8 28. Rxa8+ Nxa8 29. b3 Nd6 30. Kg1 b4 31. Qa2 Qc1+ 32. Bf1 Qa3 33. Qd2
bxc3 34. Qxc3 Nb6 35. Qg3 Nbc8 36. Qc3 Nb6 37. Bd3 Ndc4 38. Bb1 Nd6 39. Kh2 Qa7
40. Qd3 Qc7 41. g3 Nf5 42. Kg2 Nd7 43. Nxd7 Qxd7 44. g4 Nh4+ 45. Kg3 Ng6 46.
Qe3 Ne7 47. Qc3 Qc6 48. Qd3 Ng6 49. Qd2 Ne7 50. Bd3 Qb6 51. Qc3 Nc6 52. Bb1 g6
53. Qe3 Kg7 54. Qc3 Nxd4 55. Bc2 e5 56. Bd1 Qc6 57. Qe3 f6 58. Kg2 Nb5 59. Kh2
d4 60. Qd2 Nc3 61. Bc2 Qf3 62. b4 Qd5 63. Bd3 Qb3 64. b5 Nxb5 65. Bxb5 Qxb5 66.
Qc2 Qd7 67. Qd3 Qd5 68. f3 Qa5 69. Kg3 Qe1+ 70. Kg2 Qc3 71. Qb5 Qc7 72. Qd3 Qc8
73. Qa3 Qd7 74. Qd3 f5 75. Kg3 Qd6 76. Kg2 Kf6 1/2-1/2

[Event "Team junior-girls chess final 2016"]
[Site "Sochi"]
[Date "2016.05.01"]
[Round "1.2"]
[White "Bondareva, Daria"]
[Black "Pogorelskikh, Sofia"]
[Result "1-0"]
[WhiteElo "1601"]
[BlackElo "1744"]
[PlyCount "95"]
[EventDate "2016.05.01"]

1. e4 e5 2. Nf3 Nc6 3. Bc4 Bc5 4. b4 Bxb4 5. c3 Ba5 6. d4 d6 7. Qb3 Qd7 8. O-O
Bb6 9. Nbd2 Na5 10. Qc2 Nxc4 11. Nxc4 f6 12. Qb3 Qf7 13. a4 Be6 14. Qb5+ Kf8
15. d5 Bd7 16. Qb4 Qe8 17. a5 Bc5 18. Qxb7 Bb5 19. Nfd2 a6 20. Qxc7 Ra7 21.
Nxd6 Rxc7 22. Nxe8 Kxe8 23. c4 Bd7 24. Rb1 Ne7 25. Rb8+ Rc8 26. Rxc8+ Nxc8 27.
Nb3 Bb4 28. Bd2 Bxd2 29. Nxd2 Kd8 30. Rb1 Kc7 31. Nb3 Nd6 32. Nc5 Ra8 33. Rb4
Bc8 34. Nb3 Rb8 35. Rxb8 Kxb8 36. Nd2 Kc7 37. c5 Nb7 38. Nb3 f5 39. f4 fxe4 40.
fxe5 Bg4 41. c6 Bd1 42. Nd4 Nd8 43. d6+ Kc8 44. e6 Bh5 45. d7+ Kc7 46. e7 Nxc6
47. e8=Q Bxe8 48. dxe8=Q 1-0

[Event "Team junior-girls chess final 2016"]
[Site "Sochi"]
[Date "2016.05.01"]
[Round "1.2"]
[White "Erokhova, Violetta"]
[Black "Krupnova, Anna"]
[Result "1/2-1/2"]
[WhiteElo "1653"]
[BlackElo "1595"]
[PlyCount "124"]
[EventDate "2016.05.01"]

1. e4 c6 2. d4 d5 3. exd5 cxd5 4. Bd3 Nc6 5. c3 Qc7 6. h3 Nf6 7. Nf3 g6 8. O-O
Bf5 9. Re1 Bxd3 10. Qxd3 Bg7 11. Nbd2 O-O 12. Ne5 e6 13. Ndf3 Ne4 14. Bf4 Qe7
15. c4 Nf6 16. c5 Ne4 17. Nxc6 bxc6 18. Nd2 Qf6 19. Be3 Nxd2 20. Qxd2 Rfb8 21.
Rad1 Qe7 22. Bf4 Rb5 23. Rb1 a5 24. b3 Rb4 25. Be3 Rab8 26. a3 R4b5 27. Bf4
R8b7 28. b4 axb4 29. axb4 Ra7 30. Ra1 Qb7 31. Rxa7 Qxa7 32. Qb2 Qb7 33. Bd2 Bf6
34. Bc3 Kg7 35. Ra1 h5 36. Ra4 Be7 37. Qa2 Qc7 38. Ra5 Qb8 39. Ra6 Qc7 40. Ra7
Rb7 41. Rxb7 Qxb7 42. Qa5 f6 43. Kf1 Kf7 44. Ke1 Qd7 45. Qa1 Bd8 46. Kd2 Bc7
47. Ke3 g5 48. Qb1 Kg7 49. Qd1 Kh6 50. Qf3 Qe7 51. Kd3 e5 52. Qf5 Qh7 53. Qxh7+
Kxh7 54. Kc2 Kg6 55. Kb3 Kf7 56. Ka4 Ke7 57. b5 Kd7 58. b6 Bb8 59. Ka5 e4 60.
Ka6 Kc8 61. Ba5 f5 62. b7+ Kd7 1/2-1/2

[Event "Team junior-girls chess final 2016"]
[Site "Sochi"]
[Date "2016.05.02"]
[Round "2.1"]
[White "Podgornova, Anna"]
[Black "Afanasieva, Alexandra"]
[Result "0-1"]
[WhiteElo "1744"]
[BlackElo "1911"]
[PlyCount "72"]
[EventDate "2016.05.01"]

1. d4 Nf6 2. c4 e6 3. Nc3 Bb4 4. Qc2 O-O 5. Nf3 d5 6. Bg5 Nbd7 7. e3 c5 8. cxd5
exd5 9. Be2 Qa5 10. O-O cxd4 11. exd4 Bxc3 12. bxc3 Ne4 13. c4 Ndf6 14. Bxf6
Nxf6 15. Ne5 Be6 16. c5 Rac8 17. Rab1 Qc7 18. Qb3 Rb8 19. Rb2 Ne4 20. f3 Nxc5
21. Qc2 Na6 22. Bxa6 Qxc2 23. Rxc2 bxa6 24. Nc6 Rb7 25. Ne5 f6 26. Nd3 Bf5 27.
Nc5 Bxc2 28. Nxb7 Rb8 29. Nc5 Rb4 30. Nxa6 Rxd4 31. Rc1 Rc4 32. Nb8 d4 33. Kf2
d3 34. Ke3 Rc8 35. Nd7 Rd8 36. Nc5 d2 0-1

[Event "Team junior-girls chess final 2016"]
[Site "Sochi"]
[Date "2016.05.02"]
[Round "2.1"]
[White "Girshgorn, Maria"]
[Black "Grunina, Margarita"]
[Result "1-0"]
[WhiteElo "1677"]
[BlackElo "1621"]
[PlyCount "81"]
[EventDate "2016.05.01"]

1. d4 d5 2. c4 e6 3. Nc3 Nf6 4. Bg5 Be7 5. e3 h6 6. Bh4 O-O 7. Nf3 Ne4 8. Bxe7
Qxe7 9. Bd3 Nxc3 10. bxc3 c6 11. cxd5 exd5 12. h3 Nd7 13. O-O Nf6 14. a4 Ne4
15. Bxe4 dxe4 16. Nd2 Re8 17. a5 Qg5 18. Kh2 Qh4 19. f3 f5 20. fxe4 fxe4 21.
Rf4 Qg5 22. Qc2 Qg6 23. Rxe4 Kh7 24. g4 Be6 25. Rc1 Bd5 26. Rxe8 Qxc2 27. Rxc2
Rxe8 28. c4 Bf7 29. Rc3 Kg6 30. c5 Bd5 31. Kg3 Kf6 32. Nf3 g5 33. Ne5 Ke6 34.
Rc2 Rf8 35. Rb2 Rb8 36. a6 b5 37. cxb6 Rxb6 38. Rxb6 axb6 39. Nd3 Kd6 40. Nc5
bxc5 41. a7 1-0

[Event "Team junior-girls chess final 2016"]
[Site "Sochi"]
[Date "2016.05.02"]
[Round "2.1"]
[White "Surovtseva, Alisa"]
[Black "Bondareva, Daria"]
[Result "0-1"]
[WhiteElo "1574"]
[BlackElo "1601"]
[PlyCount "104"]
[EventDate "2016.05.01"]

1. e4 e5 2. Nf3 Nc6 3. Nc3 Nf6 4. Bb5 Nd4 5. Bc4 Bc5 6. d3 d6 7. Na4 Bg4 8.
Nxc5 dxc5 9. Bxf7+ Kxf7 10. Nxe5+ Ke8 11. Nxg4 Nxg4 12. c3 Qh4 13. g3 Qf6 14.
Qxg4 Nc2+ 15. Ke2 Nxa1 16. Bf4 h5 17. Qf3 Qb6 18. Rb1 Nc2 19. Qh1 c4 20. d4
Nxd4+ 21. cxd4 Qxd4 22. Qf3 c6 23. Bg5 Qe5 24. Qe3 Qb5 25. Kf3 Rf8+ 26. Kg2 Rf7
27. Rd1 Qxb2 28. Qxa7 Rc8 29. Qc5 Qe2 30. Qd4 Rxf2+ 31. Qxf2 Qxd1 32. Qc5 Qe2+
33. Kg1 Qe1+ 34. Kg2 Qxe4+ 35. Kg1 Kd7 36. Bf4 Qd5 37. Qb6 c5 38. Qg6 Rg8 39.
Qb6 Qc6 40. Qb1 g6 41. Qd1+ Kc8 42. Qe2 b5 43. Qe5 Re8 44. Qb8+ Kd7 45. Qa7+
Ke6 46. Qg7 Kd5 47. Qc3 Qe6 48. Qd2+ Kc6 49. Qg2+ Qe4 50. Qh3 Qe1+ 51. Kg2 Re2+
52. Kf3 Qf2# 0-1

[Event "Team junior-girls chess final 2016"]
[Site "Sochi"]
[Date "2016.05.02"]
[Round "2.1"]
[White "Krupnova, Anna"]
[Black "Samoshkina, Viktoria"]
[Result "1-0"]
[WhiteElo "1595"]
[BlackElo "1291"]
[PlyCount "59"]
[EventDate "2016.05.01"]

1. d4 d5 2. c4 e6 3. Nf3 Nf6 4. g3 Be7 5. Bg2 O-O 6. O-O Nbd7 7. Qc2 c6 8. Rd1
h6 9. b3 Re8 10. Ba3 c5 11. cxd5 exd5 12. dxc5 Qc7 13. Nd4 Nxc5 14. Rc1 b6 15.
Nc3 Qe5 16. Ncb5 Bd7 17. Bb2 Bxb5 18. Nxb5 Qb8 19. Qf5 Qd8 20. Be5 Ne6 21. Rd1
a6 22. Nc3 d4 23. Bxa8 Bb4 24. Ne4 Qxa8 25. Bxf6 gxf6 26. Nxf6+ Kg7 27. Nxe8+
Qxe8 28. Rac1 Bc3 29. e3 dxe3 30. Rxc3 1-0

[Event "Team junior-girls chess final 2016"]
[Site "Sochi"]
[Date "2016.05.02"]
[Round "2.2"]
[White "Shevchuk, Margarita"]
[Black "Goltseva, Ekaterina"]
[Result "0-1"]
[WhiteElo "1583"]
[BlackElo "2137"]
[PlyCount "76"]
[EventDate "2016.05.01"]

1. e4 e5 2. Nf3 Nc6 3. Bc4 Nf6 4. d4 exd4 5. e5 d5 6. Bb5 Ne4 7. Nxd4 Bd7 8.
Bxc6 bxc6 9. O-O Bc5 10. f3 Ng5 11. f4 Ne4 12. Nc3 Nxc3 13. bxc3 Bb6 14. Ba3
Qc8 15. Kh1 Qa6 16. Bc1 c5 17. Nb3 Bg4 18. Qd3 c4 19. Nc5 Qb5 20. Qg3 h5 21. h3
Qxc5 22. Re1 Qf2 23. Qxf2 Bxf2 24. Rf1 Bc5 25. Rb1 Bd7 26. Bd2 g6 27. Rfe1
O-O-O 28. Rb2 Bb6 29. Reb1 c5 30. Ra1 Ba4 31. Re1 Rhe8 32. g3 d4 33. cxd4 cxd4
34. Rb4 Bc6+ 35. Kh2 Bd5 36. c3 dxc3 37. Bxc3 Ba5 38. Ra4 Bxc3 0-1

[Event "Team junior-girls chess final 2016"]
[Site "Sochi"]
[Date "2016.05.02"]
[Round "2.2"]
[White "Beshukova, Alina"]
[Black "Kirchei, Viktoriia"]
[Result "0-1"]
[WhiteElo "1669"]
[BlackElo "1570"]
[PlyCount "110"]
[EventDate "2016.05.01"]

1. d4 d5 2. c4 e6 3. Nf3 c6 4. Qc2 dxc4 5. Qxc4 b5 6. Qc2 Bb7 7. g3 a6 8. Bg2
Nd7 9. O-O Ngf6 10. Rd1 Rc8 11. Ne5 Nd5 12. e4 N5b6 13. Nxd7 Qxd7 14. Nc3 Be7
15. b3 O-O 16. Be3 Qc7 17. Bf4 Qd8 18. Qd2 b4 19. Ne2 c5 20. dxc5 Qxd2 21. Rxd2
Bxc5 22. Rad1 Rfe8 23. Bd6 Nd7 24. Bxc5 Nxc5 25. Rd4 a5 26. e5 Ba6 27. Nf4 f6
28. Re1 fxe5 29. Rxe5 Nxb3 30. Rd1 Nc5 31. Bh3 Rc6 32. Rc1 Rec8 33. Bxe6+ Nxe6
34. Rxc6 Rxc6 35. Nxe6 Rc1+ 36. Kg2 Bb7+ 37. Kh3 Bc8 38. Kg2 Bxe6 39. Rxe6 Rc2
40. a3 b3 41. Rb6 a4 42. Rb4 b2 43. h4 Kf7 44. Rb6 Ke7 45. g4 h6 46. Kh2 Kd7
47. Kg2 Kc7 48. Rb4 Kd6 49. Kh2 Ke5 50. Kg2 g6 51. Kh2 Rxf2+ 52. Kg3 Rd2 53.
Kf3 Rd3+ 54. Ke2 Rb3 55. Rxb3 axb3 0-1

[Event "Team junior-girls chess final 2016"]
[Site "Sochi"]
[Date "2016.05.02"]
[Round "2.2"]
[White "Bezenkina, Ekaterina"]
[Black "Filippova, Darya"]
[Result "0-1"]
[WhiteElo "1380"]
[BlackElo "1976"]
[PlyCount "82"]
[EventDate "2016.05.01"]

1. e4 c6 2. d4 d5 3. exd5 cxd5 4. Bd3 Nc6 5. c3 Nf6 6. Bf4 g6 7. Nf3 Bg7 8.
Nbd2 O-O 9. O-O Nh5 10. Be3 Qd6 11. Re1 Nf4 12. Bb5 Ne6 13. Bxc6 bxc6 14. Ne5
c5 15. f4 cxd4 16. cxd4 Bd7 17. Ndf3 Rfb8 18. b3 Be8 19. Rc1 a5 20. Qd2 a4 21.
bxa4 Rxa4 22. Nh4 Bf6 23. Nhf3 Qa3 24. Rc2 Rab4 25. Rec1 Rb2 26. Rxb2 Rxb2 27.
Rc2 Rxc2 28. Qxc2 Qxe3+ 29. Kf1 Bxe5 30. Qc8 Qd3+ 31. Ke1 Qb1+ 32. Kf2 Qxa2+
33. Ke1 Qa1+ 34. Kf2 Bxd4+ 35. Nxd4 Qxd4+ 36. Ke1 Kf8 37. g3 Qe3+ 38. Kd1 d4
39. Qb8 d3 40. Qb2 Ba4+ 41. Qc2 Bxc2# 0-1

[Event "Team junior-girls chess final 2016"]
[Site "Sochi"]
[Date "2016.05.03"]
[Round "3.1"]
[White "Afanasieva, Alexandra"]
[Black "Shevchuk, Margarita"]
[Result "1-0"]
[WhiteElo "1911"]
[BlackElo "1583"]
[PlyCount "83"]
[EventDate "2016.05.01"]

1. e4 c6 2. d4 d5 3. exd5 cxd5 4. Bd3 Nc6 5. c3 Qc7 6. h3 e6 7. Nf3 Bd6 8. O-O
f6 9. Re1 Bd7 10. Nbd2 Nge7 11. c4 O-O-O 12. c5 Bf4 13. a3 h5 14. b4 g5 15. b5
Nb8 16. Nb3 g4 17. Nh4 gxh3 18. b6 axb6 19. cxb6 Qd6 20. Bxf4 Qxf4 21. Qc1+
Qxc1 22. Raxc1+ Nbc6 23. Nc5 e5 24. Nxd7 Kxd7 25. Bb5 e4 26. gxh3 Kd6 27. Red1
Rhg8+ 28. Kh2 Rg5 29. Ng2 Rdg8 30. Ne3 f5 31. h4 R5g7 32. Bxc6 bxc6 33. Rg1 f4
34. Rxg7 Rxg7 35. Ng2 Nf5 36. Rb1 Rb7 37. Rb4 c5 38. dxc5+ Kxc5 39. Nxf4 Nxh4
40. Ne6+ Kc6 41. Nd8+ Kd7 42. Nxb7 1-0

[Event "Team junior-girls chess final 2016"]
[Site "Sochi"]
[Date "2016.05.03"]
[Round "3.1"]
[White "Kirchei, Viktoriia"]
[Black "Girshgorn, Maria"]
[Result "1-0"]
[WhiteElo "1570"]
[BlackElo "1677"]
[PlyCount "133"]
[EventDate "2016.05.01"]

1. d3 d5 2. g3 g6 3. Bg2 Bg7 4. Nd2 Nf6 5. e3 O-O 6. Ne2 c5 7. O-O Nc6 8. h3 e5
9. e4 dxe4 10. Nxe4 Nxe4 11. dxe4 Qxd1 12. Rxd1 Be6 13. c3 Rfd8 14. Be3 b6 15.
b3 Rxd1+ 16. Rxd1 Rd8 17. Rxd8+ Nxd8 18. f4 f5 19. exf5 Bxf5 20. Kf2 Nf7 21. b4
exf4 22. gxf4 cxb4 23. cxb4 Nd6 24. Ng3 Be6 25. a4 Bc3 26. a5 Nc4 27. axb6 Nxb6
28. b5 Bc4 29. Bf1 Bxf1 30. Kxf1 Nd5 31. Kf2 Nxe3 32. Kxe3 Kf8 33. Ne4 Ba5 34.
Kd4 Ke7 35. Kd5 Bc7 36. Ng5 Bxf4 37. Nxh7 g5 38. Ke4 Kf7 39. Kf5 Be3 40. Nxg5+
Kg7 41. Nf3 Kh6 42. Kg4 Bf2 43. h4 Be3 44. h5 Bc1 45. Nd4 Kg7 46. Nc6 Be3 47.
Nd8 Kf6 48. Nc6 Ke6 49. Kf3 Bh6 50. Ke4 Kd6 51. Nxa7 Kc5 52. Kf5 Kb6 53. Kg6
Bc1 54. Nc6 Kxb5 55. Nd4+ Kc4 56. Nf3 Kd5 57. Ng5 Bb2 58. h6 Kd6 59. Kf7 Ba1
60. Ne6 Bh8 61. Ng7 Ke5 62. Kg8 Kf6 63. Kxh8 Kg6 64. h7 Kf7 65. Ne6 Kg6 66. Kg8
Kf5 67. Ng7+ 1-0

[Event "Team junior-girls chess final 2016"]
[Site "Sochi"]
[Date "2016.05.03"]
[Round "3.1"]
[White "Bondareva, Daria"]
[Black "Bezenkina, Ekaterina"]
[Result "1-0"]
[WhiteElo "1601"]
[BlackElo "1380"]
[PlyCount "51"]
[EventDate "2016.05.01"]

1. e4 c5 2. d4 cxd4 3. c3 dxc3 4. Nxc3 g6 5. Nf3 Bg7 6. Bc4 e6 7. Nb5 Nf6 8.
Nd6+ Ke7 9. O-O Nc6 10. Bf4 a6 11. e5 Nh5 12. Bg5+ f6 13. exf6+ Bxf6 14. Bxf6+
Nxf6 15. Qd2 Qc7 16. Rad1 b5 17. Qh6 Rg8 18. Be2 Bb7 19. Qh4 Raf8 20. Ne4 Rg7
21. Nxf6 Rxf6 22. Ng5 Rf4 23. Qh6 Kf6 24. Nxh7+ Kf7 25. Rxd7+ Qxd7 26. Qxf4+
1-0

[Event "Team junior-girls chess final 2016"]
[Site "Sochi"]
[Date "2016.05.03"]
[Round "3.2"]
[White "Budnikova, Varvara"]
[Black "Podgornova, Anna"]
[Result "0-1"]
[WhiteElo "1854"]
[BlackElo "1744"]
[PlyCount "80"]
[EventDate "2016.05.01"]

1. e4 c5 2. Nf3 Nc6 3. c3 Nf6 4. e5 Nd5 5. d4 cxd4 6. Bc4 Nb6 7. Bb3 d5 8. exd6
Qxd6 9. O-O Be6 10. Na3 dxc3 11. Nb5 Qxd1 12. Rxd1 Rc8 13. Bxe6 fxe6 14. bxc3
g6 15. Ng5 e5 16. Ne6 Kf7 17. Nbc7 Bg7 18. Rb1 Bf6 19. Be3 Na4 20. Rxb7 Nxc3
21. Rd2 Nd8 22. Nxd8+ Rhxd8 23. f3 a5 24. a3 e4 25. Kf1 exf3 26. gxf3 Rxd2 27.
Bxd2 Rd8 28. Be3 Rd3 29. Bb6 Rxf3+ 30. Kg2 Rf5 31. Ra7 a4 32. Be3 h5 33. Na8 g5
34. Nb6 Re5 35. Nc4 Re6 36. Bg1 Re2+ 37. Kf1 Ra2 38. Nd6+ Ke6 39. Nc4 Ra1+ 40.
Kg2 Rxg1+ 0-1

[Event "Team junior-girls chess final 2016"]
[Site "Sochi"]
[Date "2016.05.03"]
[Round "3.2"]
[White "Grunina, Margarita"]
[Black "Gutkovich, Polina"]
[Result "0-1"]
[WhiteElo "1621"]
[BlackElo "1738"]
[PlyCount "54"]
[EventDate "2016.05.01"]

1. e4 e6 2. d4 d5 3. Nd2 c5 4. exd5 Qxd5 5. Bb5+ Nc6 6. Bxc6+ bxc6 7. Ndf3 Nf6
8. Ne2 cxd4 9. Qxd4 Bc5 10. Qxd5 cxd5 11. Ned4 Ba6 12. b3 Ne4 13. Be3 Bb4+ 14.
Bd2 Nxd2 15. Nxd2 Bc3 16. Nxe6 fxe6 17. O-O-O O-O 18. f3 Rac8 19. Kb1 Rc5 20.
h4 Rfc8 21. a3 Be5 22. Rc1 Bf4 23. Rhd1 Be2 24. Re1 Bxd2 25. Rxe2 Bxc1 26. Kxc1
Kf7 27. g4 Rc3 0-1

[Event "Team junior-girls chess final 2016"]
[Site "Sochi"]
[Date "2016.05.03"]
[Round "3.2"]
[White "Pogorelskikh, Sofia"]
[Black "Surovtseva, Alisa"]
[Result "1/2-1/2"]
[WhiteElo "1744"]
[BlackElo "1574"]
[PlyCount "102"]
[EventDate "2016.05.01"]

1. e4 e5 2. Nf3 Nc6 3. d4 exd4 4. Nxd4 Bb4+ 5. c3 Bc5 6. Be3 Bb6 7. Qg4 Nxd4 8.
cxd4 Qf6 9. Qg3 Ne7 10. Nc3 d6 11. Rd1 Qg6 12. Bc4 Bd7 13. O-O O-O 14. f3 Qxg3
15. hxg3 Be6 16. Bxe6 fxe6 17. Kf2 d5 18. Bg5 Nc6 19. exd5 Bxd4+ 20. Be3 Bxe3+
21. Kxe3 exd5 22. Rxd5 Rae8+ 23. Ne4 Ne5 24. Rc1 c6 25. Ra5 a6 26. Ra4 Re7 27.
Rb4 Rd8 28. Rd4 Rde8 29. Rc3 Nd7 30. Kd3 Nb6 31. Rc1 Nd5 32. b4 Nc7 33. a4 Ne6
34. Rd6 Nd8 35. b5 axb5 36. axb5 Nf7 37. Rd4 cxb5 38. Rd5 Ne5+ 39. Kd4 Nc6+ 40.
Kc5 b4 41. Nd6 Rd8 42. Nxb7 Rxd5+ 43. Kxd5 Rxb7 44. Kxc6 Re7 45. Rc2 Kf7 46.
Kb5 b3 47. Rb2 Re3 48. Kc4 Kf6 49. Kd4 Re1 50. Kd3 Rg1 51. Ke3 Rc1 1/2-1/2

[Event "Team junior-girls chess final 2016"]
[Site "Sochi"]
[Date "2016.05.03"]
[Round "3.2"]
[White "Samoshkina, Viktoria"]
[Black "Erokhova, Violetta"]
[Result "0-1"]
[WhiteElo "1291"]
[BlackElo "1653"]
[PlyCount "102"]
[EventDate "2016.05.01"]

1. e4 c6 2. d4 d5 3. Nd2 dxe4 4. Nxe4 Nf6 5. Nxf6+ gxf6 6. c3 Bf5 7. Nf3 Qc7 8.
g3 Nd7 9. Bg2 O-O-O 10. O-O e5 11. Be3 Nb6 12. Qe2 Bg7 13. Rfc1 Rhe8 14. b4 Nd5
15. dxe5 fxe5 16. Nh4 Be6 17. Bxa7 e4 18. Bd4 Bxd4 19. cxd4 Nxb4 20. Qxe4 Nxa2
21. Rc5 Qd7 22. Nf3 h6 23. Ne5 Qxd4 24. Rxc6+ Kb8 25. Qxd4 Rxd4 26. Rb1 Bd5 27.
Bxd5 Rxd5 28. Nxf7 h5 29. Nd6 Re7 30. Rcb6 Kc7 31. Nxb7 Nc3 32. R1b4 Rd1+ 33.
Kg2 Nd5 34. R6b5 Nxb4 35. Rxb4 Re2 36. Na5 Rdd2 37. Rf4 Rd5 38. Nc4 Re7 39. Ne3
Rg5 40. h4 Rc5 41. Nf5 Rf7 42. Nh6 Rxf4 43. gxf4 Kd7 44. f5 Ke7 45. Kg3 Kf6 46.
Ng8+ Kf7 47. Nh6+ Kg7 48. Ng4 hxg4 49. Kxg4 Kf6 50. h5 Rxf5 51. h6 Rxf2 0-1

[Event "Team junior-girls chess final 2016"]
[Site "Sochi"]
[Date "2016.05.04"]
[Round "4.1"]
[White "Shevchuk, Margarita"]
[Black "Budnikova, Varvara"]
[Result "0-1"]
[WhiteElo "1583"]
[BlackElo "1854"]
[PlyCount "56"]
[EventDate "2016.05.01"]

1. e4 c5 2. Nf3 Nc6 3. d4 cxd4 4. Nxd4 g6 5. Nc3 Bg7 6. Be3 Nf6 7. f3 O-O 8. g4
d6 9. Qd2 a6 10. O-O-O Nxd4 11. Bxd4 b5 12. h4 Rb8 13. e5 dxe5 14. Bxe5 Qxd2+
15. Rxd2 Ra8 16. Bg2 Bb7 17. g5 Nh5 18. Bxg7 Kxg7 19. Re1 e6 20. Rd7 Bc6 21.
Re7 Nf4 22. Bh1 Rfc8 23. Rd1 Kf8 24. Rdd7 Bxd7 25. Rxd7 Rd8 26. Rc7 Rd4 27. a3
Rad8 28. b3 Rd2 0-1